Planning and designing schools /
Đã lưu trong:
| 主要作者: | |
|---|---|
| 格式: | 图书 |
| 语言: | English |
| 出版: |
New York :
McGraw-Hill,
1998.
|
| 主题: | |
| 标签: |
添加标签
没有标签, 成为第一个标记此记录!
|
| Thư viện lưu trữ: | Mạng thư viện Đại học Đà Nẵng |
|---|
| LEADER | 00962cam a2200349 i 4500 | ||
|---|---|---|---|
| 001 | 000045373 | ||
| 003 | 4548 | ||
| 005 | 20030227103934.0 | ||
| 008 | 010320|1998 vm 000 eng | ||
| 020 | |a 0070494053 | ||
| 040 | |a IRC |c IRC |d IRC | ||
| 041 | 0 | |a eng | |
| 082 | 1 | 4 | |a 371.620973 |b BR-C |
| 100 | 1 | |a Brubaker, C. William. | |
| 245 | 0 | 0 | |a Planning and designing schools / |c C. William Brubaker. |
| 260 | |a New York : |b McGraw-Hill, |c 1998. | ||
| 300 | |a xiv, 203p. : |b ill. | ||
| 630 | 0 | 4 | |a Education. |
| 630 | 0 | 4 | |a School buildings. |
| 650 | 0 | 4 | |a Schools buildings |z United States |x Design and construction. |
| 650 | 0 | 4 | |a School buildings |z United States |x Planning. |
| 650 | 0 | 4 | |a School environment |z United States. |
| OWN | |a DUT | ||
| 999 | |a From the UDN01 | ||
| TYP | |a Monograph | ||
| TYP | |a Printed language | ||
| 980 | |a Mạng thư viện Đại học Đà Nẵng | ||


